000 00544nam a2200193 a 4500
999 _c5912
_d5912
003 PK-NaQUE
005 20251103122817.0
008 251103b ||||| |||| 00| 0 eng d
020 _a8174463402 (paperback)
020 _a9788174463401 (paperback)
040 _cQUEST
100 1 _aUberoi, N.K.
245 1 0 _aEnvironmental Management /
260 _a[S.l.] :
_bExcel Books,
_c2004.
300 _a424 p. ;
650 _aEnvironmental Management
856 4 0 _uhttp://10.10.170.122:8080/browse/book/28845
_yDownload eBook
942 _cBK
_2ddc